000 00417nam a2200169 a 4500
001 14366
003 CO-ViMGA
008 141112s2004 ck r 000 u spa d
040 _aCO-ViMGA
_bspa
_cCO-ViMGA
082 0 4 _aCOMw
100 1 _aCompany, Merce; Elena, Horacio
_921035
245 1 0 _aLas wambas magicas
260 _aBarcelona :
_bTimun Mas,
_c1995
300 _a25
490 _aSanti y nona
942 _2ddc
_cBK
999 _c25045
_d25045